| 000 | 01112nam a22001937a 4500 | ||
|---|---|---|---|
| 003 | JO-AjAnu | ||
| 005 | 20240605134602.0 | ||
| 008 | 240311b jo ||||| |||| 00| 0 ara d | ||
| 040 |
_aJO-AjAnu _cJO-AjAnu _dJO-AjAnu |
||
| 041 | 0 | _aara | |
| 100 |
_aزغول، مها حسين سيف _965038 |
||
| 245 |
_aدوافع استخدام مواقع التواصل الاجتماعي وتاثيرها على راس المال الاجتماعي في البنوك التجارية الاردنية = The Motivation of Using Social Networ Sites and its impact on Social Capital at jordanian commercial Banks / _cاعداد مها حسين سيف زغول ؛ إشراف هشام علي شطناوي |
||
| 260 | _c2023 | ||
| 300 | _a107ص | ||
| 500 | _aرسالة جامعية (رسالة ماجستير) .- جامعة عجلون الوطنية (عجلون، الاردن)، كلية الاعمال، قسم ادارة الاعمال، 2023 | ||
| 650 | 0 |
_aالبنوك - ادارة - جوانب اجتماعية - الاردن. _965073 |
|
| 700 |
_aشطناوي،هشام علي _964865 _eمشرف |
||
| 942 |
_2lcc _cTHS _n0 |
||
| 999 |
_c33306 _d33306 |
||